Open Data Biblioteca Nacional de Portugal


República Portuguesa: Ministério da Cultura
Biblioteca Nacional de Portugal

Catálogo da BNP: acesso por Identificadores Unívocos
Registos Bibliográficos associados ao registo de autoridade

Etiqueta de registo: 00254nam 2200025 450
001 2284667
003 http://id.bnportugal.gov.pt/bib/catbnp/2284667
100 ## $a20260417d1652 m y0pory01030103ba
101 0# $alat
102 ## $aIT
105 ## $ay z 000yy
106 ## $ar
200 1# $aAdae Abbatis Perseniae, Sacri Ordinis Cisterciensis Alumni... Mariale. Quo eiusdem Adae de Mariae Deiparae Virginis Laudibus Sermones aurei, ac Fragmenta pretiosa ad posteritatis notitiam transmittuntur$eopus hactenus ineditum ex perantiquo Codice Pergameno M. S. olim Biliothecae Monasterij Casamarij erutum$fnotisque illustratum a P. Hippolyto Marraccio Lucensi...
210 #9 $aRomae$ctypis Ignatij de Lazzaris,$d1652
215 ## $a[16], 230, [10] p.$d8º (17 cm)
307 ## $aAssin.: A-Q//8
312 ## $aTít. no anterrosto: Mariale Adae abbatis Perseniae
316 ## $aEnc. em pergaminho. - Exemplar em mau estado$5PTBN: R. 1762//2 P.
317 ## $aPert. na f. de rosto do 1º expoente da miscelânea: "Livraria de Alcobaça" (carimbo)$5PTBN: R. 1762//2 P.
321 ## $aICCU IT\ICCU\BVEE\049696
500 10 $aMariale, quo eiusdem Adae de Mariae Deiparae Virginis Laudibus Sermones aurei
517 1# $aMariale Adae abbatis Perseniae
620 ## $dRoma
700 #1 $aAdam,$cde Perseigne,$f1145-1221$31996159
702 #1 $aMarracci,$bIppolito,$f1604-1675,$cC.R.$4340$31996157
702 #1 $aLazzari,$bIgnazio de,$ffl. 1652-1683$4610$3249524
712 02 $aOrdem de Cister.$bMosteiro de Santa Maria$c(Alcobaça)$4390$38402
801 #0 $aPT$bBN$gRPC
856 40 $2Cópia digital disponível em Google Books$uhttps://books.google.pt/books?id=T11O9jsL28gC&hl=pt-PT&pg=PP7#v=onepage&q&f=false
966 ## $lBN$mFGMON$sR. 1762//2 P.
971 ## $cpmesqui$d20260417
997 ## $aBIBEOD

OpendataBNP@bnportugal.pt | Mais informação sobre acesso aos dados BNP